000 00733nam0a22002531 4500
001 rc\238285
005 20250621001728.0
010 _a5-7020-1009-4
_910000
035 _a(NLR Aleph) 005473054
090 _a5064625
_c5064625
100 _a20030307d1997 |||y0rusy50 ca
101 0 _arus
102 _aRU
105 _ay |||||||||
200 1 _aТварь
_fПитер Бенчли
_g[Пер. с англ. А. Литовкиной, О. Нокс]
210 _aМ.
_cНовости
_d1997
215 _a333, [1] с.
_d20
225 1 _aМировой бестселлер
700 1 _aБенчли
_bП.
_gПитер
801 0 _aRU
_bNLR
_gpsbo
801 1 _aRU
_bELAR
_2rusmarc
852 _aNLR
_j97-3/9074
942 _cBOOK
980 _aNB